Dragon Ball Z Kill-Count - Statistics

Statistiche generali
  • Questo quiz è stato fatto 63 volte
  • Il punteggio medio è 12 su 19
Statistiche sulle risposte
Saga Character % Corretto
🟥🟩 [ALL SAGA] 11 Kills Vegeta
98%
🟩 [ALL SAGA] 1 Kill Gohan
92%
🟩 [ALL SAGA] 2 Kills Goku
88%
🟥 [CELL SAGA] 2 Kills Cell
86%
🟩 [ALL SAGA] 1 Kill Krillin
80%
🟩 [CELL SAGA] 6 Kills Future Trunks
76%
🟥🟩 [ALL SAGA] 2 Kills Piccolo
76%
🟥 [SAIYAN SAGA] 1 Kill Nappa
69%
🟥 [NAMEK SAGA] 4 Kills Dodoria
59%
🟥 [BUU SAGA] 6 Kills Kid Buu
59%
🟥 [BUU SAGA] 2 Kills Majin Buu
59%
🟥 [BUU SAGA] 1 Kill Babidi
53%
🟥 [BUU SAGA] 12 Kills Super Buu
53%
🟥 [NAMEK SAGA] 3 Kills Frieza
49%
🟥 [CELL SAGA] 5 Kills Android 17
45%
🟥 [CELL SAGA] 4 Kills Android 18
45%
🟥 [BUU SAGA] 1 Kill Evil Buu
27%
🟥 [BUU SAGA] 1 Kill Dabura
20%
🟥 [BUU SAGA] 1 Kill Pui Pui
20%
Nessun quiz corrispondente trovato
Distribuzione punteggi
Percentuale di utenti per punteggio
Percentile per numero di risposta
I tuoi punteggi nel tempo
Non hai fatto questo quiz